[Event "Wch U10 Girls blitz"]
[Site "Rhodes"]
[Date "2022.05.03"]
[Round "4"]
[White "Kos, Maja"]
[Black "Galmidi, Ester"]
[Result "0-1"]
[WhiteElo "1091"]
[BlackElo "1069"]
[PlyCount "150"]
[EventDate "2022.05.03"]
[EventType "swiss (blitz)"]
[EventRounds "9"]
[EventCountry "GRE"]
[SourceTitle "CBM 208 Extra"]
[Source "ChessBase"]
[SourceDate "2022.07.31"]
[SourceVersion "1"]
[SourceVersionDate "2022.07.31"]
[SourceQuality "1"]

1. e4 e5 2. Nf3 Nc6 3. Bc4 Nf6 4. d3 d5 5. exd5 Nxd5 6. h3 Bc5 7. 0-0 Bf5 8. Bd2 0-0 9. Nc3 Nxc3 10. Bxc3 Re8 11. Re1 h6 12. Nxe5 Nxe5 13. Bxe5 Qe7 14. Bg3 Qxe1+ 15. Qxe1 Rxe1+ 16. Rxe1 a6 17. a3 b5 18. Ba2 Bd6 19. Bxd6 cxd6 20. b4 Rc8 21. Bb3 Bg6 22. Rd1 Ra8 23. c4 bxc4 24. dxc4 Rd8 25. c5 d5 26. Bxd5 Kh8 27. Bf3 Rxd1+ 28. Bxd1 f5 29. c6 Be8 30. c7 Bd7 31. f4 g5 32. fxg5 hxg5 33. Kf2 Kg7 34. Ba4 Be6 35. Bb3 Bd7 36. Kf3 Kf8 37. g4 fxg4+ 38. hxg4 Ke7 39. Bc4 Kd6 40. Bxa6 Kxc7 41. b5 Kb6 42. Ke4 Bxg4 43. Kd4 Bd7 44. Kc4 g4 45. Kb4 g3 46. a4 g2 47. a5+ Ka7 48. Kc5 g1Q+ 49. Kd6 Qd1+ 50. Kc7 Bxb5 51. Bxb5 Qa1 52. a6 Qa5+ 53. Kc6 Qb6+ 54. Kd5 Qxb5+ 55. Kd6 Qxa6+ 56. Kc7 Qc4+ 57. Kd7 Kb6 58. Kd8 Kb7 59. Kd7 Qd4+ 60. Ke6 Kc6 61. Ke7 Qd1 62. Ke8 Kc7 63. Ke7 Qe1+ 64. Kf6 Kd6 65. Kf5 Qe8 66. Kf4 Kd5 67. Kf3 Kd4 68. Kf4 Qf8+ 69. Kg5 Ke4 70. Kg6 Ke5 71. Kg5 Qg8+ 72. Kh4 Kf5 73. Kh3 Kf4 74. Kh2 Kf3 75. Kh1 Qg2# 0-1